00739 a2200157 4500003000500000005001700005040000900022082000800031100002100039245005700060250000900117260004500126300001000171505037100181538002900552Nust20170207154204.0 cNust a512 aM.Cooke, Nelson  aBasic Mathematics For Electronics cNelson M.Cooke,  a2nd  aLondon bMcGraw Hill Book Company c1960 a679 p aIntroduction (Page-1) Addition and Subtraction (Page-5) Multiplication and Division (Page-15) Common Fractions and Division (Page-25) Decimal Fractions (Page-35) Square Roots (Page-43) General Numbers (Page-53) Addition and Subtraction (Page-61) Multiplications and Division (Page-74) Powers of Ten (Page-92) Units of Dimensions (Page-122) Meter Circuits (Page-244)  aAlmirah No.124 Shelf No.